Are we feeding enough into the system? (Record no. 74310)

MARC details
000 -LEADER
fixed length control field 01566cab a2200229 4500
001 - CONTROL NUMBER
control field ABS67653
008 - FIXED-LENGTH DATA ELEMENTS--GENERAL INFORMATION
fixed length control field 040329n2004 000 0 eng u
035 ## - SYSTEM CONTROL NUMBER
System control number (Sirsi) u125619
100 ## - MAIN ENTRY--PERSONAL NAME
Personal name Hyams, K.
245 ## - TITLE STATEMENT
Title Are we feeding enough into the system?
260 ## - PUBLICATION, DISTRIBUTION, ETC.
Date of publication, distribution, etc. 2004
490 ## - SERIES STATEMENT
Series statement Estates Gazette
Volume/sequential designation (0411)13 March 2004, 124-126(3)
520 ## - SUMMARY, ETC.
Summary, etc. Reports on ODPM commissioned research by Arup into the scope and levels of fees for local authority planning activities and the costs of providing those services. "The planning service: costs and fees" also examined the extent that application fees covered the costs of processing applications, the options available for changes to fees and the fee calculation basis, and the activities for which fees are payable. Gives details of numbers of persons employed in planning services in England, their average salary, total costs of planning service work, and planning application fee income. Finds that cost recovery is lowest on the largest application cases. Concludes that fee-based planning activity does not and cannot cover costs, irrespective of what those costs are. View the report at www.communities.gov.uk.
590 ## - LOCAL NOTE (RLIN)
Local note ABS
650 ## - SUBJECT ADDED ENTRY--TOPICAL TERM
Topical term or geographic name entry element PLANNING APPLICATIONS
650 ## - SUBJECT ADDED ENTRY--TOPICAL TERM
Topical term or geographic name entry element PLANNING APPLICATION FEES
650 ## - SUBJECT ADDED ENTRY--TOPICAL TERM
Topical term or geographic name entry element TOWN AND COUNTRY PLANNING ACT 1990 S303
650 ## - SUBJECT ADDED ENTRY--TOPICAL TERM
Topical term or geographic name entry element PLANNING AND COMPULSORY PURCHASE ACT 2004
690 ## - LOCAL SUBJECT ADDED ENTRY--TOPICAL TERM (OCLC, RLIN)
Topical term or geographic name as entry element PLANNING-PRACTICE
856 ## - ELECTRONIC LOCATION AND ACCESS
Uniform Resource Identifier <a href="https://www.communities.gov.uk/documents/planningandbuilding/pdf/152399.pdf ">https://www.communities.gov.uk/documents/planningandbuilding/pdf/152399.pdf </a>
Public note View the report on the communities website...
942 ## - ADDED ENTRY ELEMENTS (KOHA)
Suppress in OPAC 0
Holdings
Withdrawn status Lost status Source of classification or shelving scheme Damaged status Not for loan Home library Current library Shelving location Date acquired Total Checkouts Full call number Barcode Date last seen Copy number Price effective from Koha item type
    Dewey Decimal Classification     London London Journal article 29/03/2004   ABS67653 125619-1001 06/08/2019 1 06/08/2019 Journal article